|
|
|
|
| LEADER |
00000nab a2200000ua 4500 |
| 001 |
vtls010747408 |
| 003 |
SK-MaSNL |
| 005 |
20260304200911.0 |
| 008 |
250718s1925 xo |||||||||||||||||slo| |
| 035 |
|
|
|a (urnnbn)urn:nbn:sk:snk:ar-a037vs
|
| 035 |
|
|
|a (uuid)1800f5ad-cf30-4f6f-9cfe-1d50d5102560
|
| 035 |
|
|
|a urn:nbn:sk:snk-ab54hd
|
| 040 |
|
|
|a SNKBUCL
|b slo
|c SNKBUCL
|e AACR2
|
| 041 |
0 |
|
|a cze
|
| 044 |
|
|
|a xo
|c SK
|
| 100 |
1 |
|
|a Sedlák, Viktor,
|d 1892-1982
|4 aut
|9 1532116
|
| 245 |
1 |
0 |
|a TRAUMA A LUES
|c Viktor Sedlák
|
| 773 |
0 |
|
|t Bratislavské lekárske listy
|g Roč. 5, č. 1 (1925-1926), s. 31-35
|
| 850 |
|
|
|a Slovenská národná knižnica
|
| 852 |
|
|
|a Slovenská národná knižnica
|
| 954 |
|
|
|a odborná, vedecká literatúra cudzojazyčná (svetová)
|2 lita
|
| 958 |
|
|
|a article3
|
| 958 |
|
|
|a OND
|
| 958 |
|
|
|a EUIPO
|
| 999 |
|
|
|c 3091813
|d 3093743
|